Catálogo

Derecho internacional público en la mundialización : (Registro nro. 67044)

Detalles MARC
000 -LEADER
fixed length control field 00781nam a2200217 u 4500
001 - CONTROL NUMBER
control field 67044
005 - DATE AND TIME OF LATEST TRANSACTION
control field 20180714075054.0
008 - FIXED-LENGTH DATA ELEMENTS--GENERAL INFORMATION
fixed length control field 170329s2010 mx r 000 0 spa d
020 ## - INTERNATIONAL STANDARD BOOK NUMBER
International Standard Book Number 978-607-09-0465-3
100 1# - MAIN ENTRY--PERSONAL NAME
Personal name Casanueva Reguart, Sergio, E.
Relator term autor
245 10 - TITLE STATEMENT
Title Derecho internacional público en la mundialización :
Remainder of title con notas de derecho internacional privado /
Statement of responsibility, etc. Sergio E. Casanueva Reguart, Claudia Terzi Ewald.
264 ## - PRODUCTION, PUBLICATION, DISTRIBUTION, MANUFACTURE, AND COPYRIGHT NOTICE
Place of production, publication, distribution, manufacture México :
Name of producer, publisher, distributor, manufacturer Porrua,
Date of production, publication, distribution, manufacture, or copyright notice 2010
300 ## - PHYSICAL DESCRIPTION
Extent 182 páginas ;
Dimensions 24 cm.
336 ## - CONTENT TYPE
Content type term texto
Source rdacontent
337 ## - MEDIA TYPE
Media type term sin medio
Source rdamedia
338 ## - CARRIER TYPE
Carrier type term volumen
Source rdacarrier
650 #0 - SUBJECT ADDED ENTRY--TOPICAL TERM
Topical term or geographic name entry element Derecho internacional
650 ## - SUBJECT ADDED ENTRY--TOPICAL TERM
Topical term or geographic name entry element Organismos internacionales
650 ## - SUBJECT ADDED ENTRY--TOPICAL TERM
Topical term or geographic name entry element Conflicto de leyes
700 1# - ADDED ENTRY--PERSONAL NAME
Personal name Terzi Ewald, Claudia, |e
Relator term autor
Existencias
Withdrawn status Lost status Source of classification or shelving scheme Damaged status Not for loan Collection code Home library Current library Shelving location Date acquired Source of acquisition Total Checkouts Full call number Barcode Date last seen Price effective from Koha item type
    Dewey Decimal Classification   Consulta en sala General Tehuacán Tehuacán Sala general 29/03/2017 Compra   342 CAS 2010 510598 16/04/2024 29/03/2017 Reserva permanente